| 000 | 01039cam a22002895i 4500 | ||
|---|---|---|---|
| 999 |
_c20319 _d20291 |
||
| 001 | 16367969 | ||
| 003 | EG-ScBUE | ||
| 005 | 20201125063903.0 | ||
| 008 | 100730s2011 enka frbf 001 0 eng d | ||
| 020 | _a9780415595810 (pbk.) | ||
| 040 |
_aDLC _beng _erda _cDLC _dDLC _dEG-ScBUE |
||
| 082 | 0 | 4 |
_a808.0428 _bBAI _222 |
| 100 | 1 |
_aBailey, Stephen, _d1947- _eauthor. _932948 |
|
| 245 | 1 | 0 |
_aAcademic writing : _ba handbook for international students / _cStephen Bailey. |
| 250 | _aThird edition. | ||
| 264 | 1 |
_aOxon ; _aNew York : _bRoutledge / Taylor & Francis Group, _c2011. |
|
| 300 |
_axx, 293 pages : _billustrations ; _c25 cm |
||
| 336 |
_atext _btxt _2rdacontent |
||
| 337 |
_aunmediated _bn _2rdamedia |
||
| 338 |
_avolume _bnc _2rdacarrier |
||
| 504 | _aIncludes bibliographical references and index. | ||
| 650 | 7 |
_aAcademic writing _vHandbooks, manuals, etc. _2BUEsh |
|
| 650 | 7 |
_aEnglish language _xRhetoric _vHandbooks, manuals, etc. _2BUEsh _97500 |
|
| 651 | _2BUEsh | ||
| 653 |
_bHHUUEENN _cJuly2015 _cDecember2015 |
||
| 942 |
_2ddc _cBB |
||